000 00300nam a2200109 4500
999 _c9877
_d9877
008 180720b ||||| |||| 00| 0 eng d
245 _aTourists start exploring DavSur destinations.
260 _aDavao City
_bSun Star Davao
_cc2017
300 _apage 15.
650 0 _929197
_aTourism.
942 _2ddc
_cPER